Statistics for Every Fallout Game and DLC

Click here to take the quiz!

General Stats

  • This quiz has been taken 97 times
  • The average score is 20 of 26

Answer Stats

HintAnswer% Correct
1997Fallout
100%
1998Fallout 2
100%
2008Fallout 3
99%
2015Fallout 4
99%
2018Fallout 76
99%
2010Fallout: New Vegas
99%
2016Nuka-World
87%
2016Far Harbor
83%
2004Fallout: Brotherhood of Steel
80%
2011Old World Blues
80%
2010Dead Money
79%
2011Lonesome Road
79%
2009Mothership Zeta
76%
2015Fallout Shelter
75%
2009The Pitt
75%
2011Honest Hearts
73%
2009Point Lookout
71%
2009Operation: Anchorage
69%
2001Fallout Tactics: Brotherhood of Steel
65%
2016Automatron
64%
2011Gun Runners' Arsenal
63%
2009Broken Steel
60%
2016Vault-Tec Workshop
51%
2011Courier's Stash
44%
2016Wasteland Workshop
44%
2016Contraptions Workshop
41%

Score Distribution

Percentile by Number Answered

Percent of People with Each Score

Your Score History

You have not taken this quiz